000 01622nam a22003257a 4500
001 768714001
003 CO-MdFUSB
005 20230329095429.0
007 ta
008 230329t2012 ck |||| |||| 00| 0 spa d
020 _a958047141X
040 _aCO-MdFUSB
_bspa
_cCO-MdFUSB
_dCO-MdFUSBC
_erda
041 _aspa
082 _223
_a891.73
_bT654
100 _aTolstoi, León.
_eautor
245 3 _aLa muerte de Iván Ilich
_c/ Léon Tolstoï
264 1 _aBogotá, Colombia :
_bNorma,
_c[2012]
264 4 _c© 2012
300 _a73 páginas
_c; 21 cm
336 _2rdacontent
_atexto
_btxt
337 _2rdamedia
_asin mediación
_bn
338 _2rdacarrier
_avolumen
_bnc
490 _aColección cara y cruz
500 _aDel otro lado del libro se encuentra : Vida y obra de León Tolstoi (102 páginas)
520 _aLa muerte de Iván Ilich narra las reflexiones en su lecho de muerte de un juez ruso que un día se golpea al reparar unas cortinas y comienza a sentir un dolor que lo aqueja constantemente y que le conducirá irremediablemente a la muerte. A medida que se acerca ese momento, Iván Ilich se plantea el porqué de esa muerte y de la soledad que lo corroe, a pesar de estar rodeado de personas en el mundo aristocrático que él mismo ha construido. La convicción de que se está muriendo y que a nadie le importa se traduce en una enorme soledad. Esa soledad tiene la excepción en uno de sus sirvientes, Guerásim, que además será quién le empezará a abrir los ojos sobre su situación vital.
563 _aRústico
653 _aLiteratura rusa
942 _cBK
945 _aJTF-925
999 _c68654
_d68654